Polítiques locals de joventut
ISBN:
84-87286-29-1
Descripción Física:
240 p. ; 24 cm
Otros Autores:
Catalunya. Secretaria General de Joventut
Materias:
Catalunya -- Política de la joventut
MARC
| LEADER | 00000nam a2200000Ia 4500 | ||
|---|---|---|---|
| 001 | 19165 | ||
| 008 | 160829s1998 xx 000 0 cat d | ||
| 020 | |a 84-87286-29-1 | ||
| 080 | |a S-1-250 | ||
| 245 | |a Polítiques locals de joventut | ||
| 260 | |a Barcelona : |b Federació de Municipis de Catalunya, |c 1998 | ||
| 300 | |a 240 p. ; |c 24 cm | ||
| 590 | |a A la part inferior de la portada: Amb el suport de la Secretaria General de Joventut, Departament de la Presidència, Generalitat de Catalunya, Instituto de la Juventud, Ministerio de Trabajo y Asuntos Sociales | ||
| 651 | 0 | |a Catalunya |x Política de la joventut |9 56245 | |
| 700 | |a Catalunya. Secretaria General de Joventut |9 45343 | ||
| 710 | |a Federació de Municipis de Catalunya |9 52168 | ||
| 710 | 1 | |a Espanya. |b Ministerio de Trabajo y Asuntos Sociales |9 54282 | |
| 901 | |a Arxiu | ||
| 942 | |n 1 | ||
| 952 | |0 0 |1 0 |4 0 |6 S1250 |7 1 |9 52513 |a Arxiu |b Arxiu |d 2016-12-01 |l 0 |o S-1-250 |p 19165 |r 2016-12-01 00:00:00 |w 2016-12-01 |y ARXIU | ||
| 999 | |c 56361 |d 56361 | ||